Sinodalidad. Un estilo de ser Iglesia y de hacer pastoral.
Gardado en:
| Autor Principal: | |
|---|---|
| Formato: | Unknown |
| Idioma: | inglés |
| Publicado: |
Madrid, España
CCS
2019
|
| Series: | Agentes PJ
|
| Subjects: | |
| Tags: |
Engadir etiqueta
Sen Etiquetas, Sexa o primeiro en etiquetar este rexistro!
|
MARC
| LEADER | 00000 a2200000 4500 | ||
|---|---|---|---|
| 003 | CL-VaPUC | ||
| 005 | 20221024133028.0 | ||
| 008 | 210105b ||||| |||| 00| 0 eng d | ||
| 999 | |c 432201 |d 432199 | ||
| 020 | |a 9788490239711 | ||
| 040 | |c Pontificia Universidad Católica de Valparaíso | ||
| 082 | 0 | 4 | |a 259.2 ROJ 2019 |
| 100 | 1 | |a Rojano Martínez, Jesús |9 857787 |e coordinador | |
| 245 | |a Sinodalidad. |b Un estilo de ser Iglesia y de hacer pastoral. | ||
| 260 | |a Madrid, España |b CCS |c 2019 | ||
| 300 | |a 115 páginas | ||
| 440 | |a Agentes PJ |9 859273 | ||
| 583 | |k GC |c 20210105 | ||
| 650 | 1 | |a Sinodalidad |9 859572 |x Pastoral juvenil | |
| 650 | 1 | 0 | |a Jóvenes |x Educación religiosa |9 326981 |
| 852 | |a BIBCUR | ||
| 942 | |2 ddc |c BK | ||
| 952 | |0 0 |1 0 |2 ddc |4 0 |6 259_200000000000000_ROJ_2019 |7 0 |8 A |9 577398 |a BIBTEO |b BIBTEO |d 2021-01-04 |e 3 |g 18399.00 |i 5581559 |l 1 |o 259.2 ROJ 2019 |p 5581559 |r 2025-01-17 |s 2023-10-31 |t 1 |v 18399.00 |w 2021-01-04 |y BK |k ICR | ||